书目信息 |
| 题名: |
家庭用组合音响设备的原理与维修技术
|
|
| 作者: | 李永刚 编著 | |
| 分册: | ||
| 出版信息: | 北京 新时代出版社 1995.10 |
|
| 页数: | 323页 | |
| 开本: | 16开 | |
| 丛书名: | ||
| 单 册: | ||
| 中图分类: | TN912.271 | |
| 科图分类: | ||
| 主题词: | 电声技术 , 语音数据处理 | |
| 电子资源: | ||
| ISBN: | 7-5042-0254-1 | |
| 000 | 00656nam0 2200217 45 | |
| 001 | 0003130976 | |
| 005 | 20000313090725.4 | |
| 010 | @a7-5042-0254-1@d25.20元 | |
| 100 | @a20000313d1995 km y0chiy0120 ea | |
| 101 | @achi | |
| 105 | @a z 000yy | |
| 200 | 1 | @a家庭用组合音响设备的原理与维修技术@AJia Ting Yong Zu He Yin Xiang She Bei De Yuan Li Yu Wei Xiu Ji Shu@f李永刚编著@FLi Yong Gang Bian Zhu |
| 205 | @a1 | |
| 210 | @a北京@c新时代出版社@d1995.10 | |
| 215 | @a323页@d16开 | |
| 606 | 0 | @a电声技术 |
| 606 | 0 | @a语音数据处理 |
| 690 | @aTN912.271@v3 | |
| 701 | @a李永刚@4编著 | |
| 801 | @aCN@bPftUser@c20000313 | |
| 905 | @f1@b50461@dTN912.271@eL283 | |
| 家庭用组合音响设备的原理与维修技术/李永刚编著.-1.-北京:新时代出版社,1995.10 |
| 323页;16开 |
| ISBN 7-5042-0254-1:25.20元 |
| ● |
| 相关链接 |
|
|
|
正题名:家庭用组合音响设备的原理与维修技术
索取号:TN912.271/L283
 
预约/预借
| 序号 | 登录号 | 条形码 | 馆藏地/架位号 | 状态 | 备注 |
| 1 | 50461 | 200504613 | 自科库301/301自科库 36排4列2层/ [索取号:TN912.271/L283] | 在馆 |